| 000 | 00675nam a2200229 i 4500 | ||
|---|---|---|---|
| 001 | 129140 | ||
| 003 | ES-MaACL | ||
| 005 | 20230906193439.0 | ||
| 007 | t| | ||
| 008 | 070606s1964 sp ||||1| spa d | ||
| 080 | _a658:657 | ||
| 100 | 1 |
_aTeillac, Maurice. _9109523 |
|
| 245 | 1 | 3 |
_aEl control y la gestión a través de la contabilidad / _cMaurice Teillac ; traducido por Pablo Gil Castro. |
| 260 |
_aBilbao : _bDeusto, _c[1964] |
||
| 490 | 1 | _aGestión | |
| 650 | 4 |
_aContabilidad. _911307 |
|
| 650 | 4 |
_aControl de gestión. _9146119 |
|
| 700 | 1 |
_aGil Castro, Pablo. _956779 |
|
| 830 | 1 |
_aGestión _9184639 |
|
| 852 | 4 |
_aES-MaACL _jC-25776 |
|
| 999 |
_c129140 _d129140 |
||